00605nam a22001697a 4500008004100000040005500041080001400096100002100110245004900131260004400180300001600224650001200240653001900252942001200271999001700283952013500300230518b |||||||| |||| 00| 0 eng d aNational Science LibrarycNational Science Library a576.3bM51 aKumar, H D99095 aTextbook of cytology, genetics and evolution aNew Delhi: bKalyani Publishers, c1985 aviii, 288p. aScience aCell structure 2udccBK c31714d31714 00102udc4065763_M570947948aNSLbNSLcGF/Rk-10/C-12/R-6d2004-02-07l0o576.3 M5p185863r2023-05-18 00:00:00w2004-02-07yBK